000 00680nam a22001937a 4500
005 20240216161629.0
008 090826t xxu||||| |||| 00| 0 eng d
010 _aENG-139354
020 _c2000/-
_a978-81-937464-7-9
035 _aENG-139354
040 _bEnglish
082 _a630
245 _a46 Glorious years 1972-2018;
_cDR..Balasaheb Sawant konkan krishi vidyapeeth
260 _bDirector of Extension Education , DBSKKV ,
_aMAHARASTRA
_c2018
270 _aDapoli , Maharastra
300 _a263p.
_c22cm.(Hb)
942 _2ddc
_cEN
_mVID
_h630
999 _c200877
_d200877